[Event "Turkish Club Cup 2019"]
[Site "Konya"]
[Date "2019.07.20"]
[Round "8"]
[White "Eraslan, Ecem"]
[Black "Kurnaz, Azra"]
[Result "1/2-1/2"]
[WhiteElo "1397"]
[BlackElo "1268"]
[Annotator "NA"]
[PlyCount "125"]
[EventDate "2019.07.20"]
[EventType "team-tourn"]
[EventCountry "TUR"]
[SourceTitle "playchess.com"]
[Source "ChessBase"]
[SourceQuality "1"]

1. e4 e5 2. Nf3 Nc6 3. Bb5 a6 4. Ba4 Nf6 5. d3 b5 6. Bb3 h6 7. c3 d6 8. Nbd2 Be7 9. O-O O-O 10. Re1 Re8 11. h3 Be6 12. d4 exd4 13. cxd4 Bxb3 14. Nxb3 Bf8 15. Nbd2 Qd7 16. a3 a5 17. d5 Ne5 18. Nxe5 dxe5 19. b3 c6 20. dxc6 Qxc6 21. Bb2 Rad8 22. Rc1 Qd7 23. Rc2 Qd3 24. Re3 Qd7 25. Qa1 Bd6 26. Nf3 Qe7 27. Nh4 Qb7 28. Qe1 a4 29. b4 Bf8 30. Qe2 Qd7 31. Nf3 Qd1+ 32. Kh2 Qxe2 33. Rexe2 Nd7 34. Red2 f6 35. Rc6 Kf7 36. Rc7 Re7 37. Rb7 Ke8 38. Rxb5 Rb8 39. Rxb8+ Nxb8 40. Nh4 Rd7 41. Rxd7 Kxd7 42. Nf5 Nc6 43. Kg3 Kc7 44. f4 exf4+ 45. Kxf4 Kb6 46. Ne3 Kb5 47. Kf5 Nxb4 48. axb4 Kxb4 49. Kg6 Kb3 50. Bd4 a3 51. Kf7 Bb4 52. Nd1 a2 53. Kxg7 Kc2 54. Kxf6 Kxd1 55. e5 Kc2 56. e6 Bc3 57. Bxc3 Kxc3 58. e7 a1=Q 59. e8=Q Qf1+ 60. Kg6 Qxg2+ 61. Kxh6 Qxh3+ 62. Qh5 Qxh5+ 63. Kxh5 1/2-1/2

[Event "Turkish Club Cup 2019"]
[Site "Konya"]
[Date "2019.07.20"]
[Round "8"]
[White "Yalcin, Nehir"]
[Black "Ozturk, Nil"]
[Result "1/2-1/2"]
[WhiteElo "1392"]
[BlackElo "1345"]
[Annotator "NA"]
[PlyCount "39"]
[EventDate "2019.07.16"]
[EventType "team-tourn"]
[EventCountry "TUR"]
[SourceTitle "playchess.com"]
[Source "ChessBase"]
[SourceQuality "1"]

1. e4 e5 2. Nf3 Nc6 3. d4 exd4 4. Bc4 g6 5. Nxd4 Bg7 6. Be3 Nf6 7. Nc3 O-O 8. O-O d6 9. f3 Ne5 10. Bb3 a6 11. a4 c5 12. Nde2 b6 13. Qd2 Qe7 14. Qd1 Qd8 15. Qd2 Qe7 16. Qd1 Qd8 17. Qd2 Qe7 18. Qd1 Qd8 19. Qd2 Qe7 20. Qd1 1/2-1/2

[Event "Turkish Club Cup 2019"]
[Site "Konya"]
[Date "2019.07.20"]
[Round "8"]
[White "Unal, Beren"]
[Black "Eraslan, Yagmur"]
[Result "1/2-1/2"]
[WhiteElo "1391"]
[BlackElo "1651"]
[Annotator "NA"]
[PlyCount "113"]
[EventDate "2019.07.20"]
[EventType "team-tourn"]
[EventCountry "TUR"]
[SourceTitle "playchess.com"]
[Source "ChessBase"]
[SourceQuality "1"]

1. e4 c5 2. Nf3 e6 3. c4 Nc6 4. d4 cxd4 5. Nxd4 a6 6. Nc3 Qc7 7. Be3 Bb4 8. Rc1 Nf6 9. f3 d5 10. exd5 exd5 11. Nxc6 bxc6 12. a3 Qe5 13. Qd4 Bd6 14. cxd5 cxd5 15. Rd1 O-O 16. Qxe5 Bxe5 17. Bd4 Re8 18. Kf2 Bb7 19. Be2 Rad8 20. Bxe5 Rxe5 21. Rd4 Kf8 22. Rhd1 Rd7 23. f4 Re6 24. g4 Rde7 25. Bf3 Ne4+ 26. Bxe4 dxe4 27. Rd8+ Re8 28. Ke3 Rh6 29. Rxe8+ Kxe8 30. Nxe4 Bxe4 31. Kxe4 Rxh2 32. b4 Re2+ 33. Kf3 Ra2 34. Rd3 g6 35. g5 Kf8 36. Ke4 Ke7 37. Rh3 Ke6 38. Rf3 Re2+ 39. Kd3 Ra2 40. Kc4 Kf5 41. Kb3 Rh2 42. Ka4 Ke4 43. Rf1 Rh3 44. Re1+ Kxf4 45. Rf1+ Kxg5 46. Rxf7 h5 47. Ra7 h4 48. Rxa6 Rf3 49. Ra5+ Kg4 50. Ra6 g5 51. b5 h3 52. Rh6 Kg3 53. b6 h2 54. b7 Rf8 55. Kb5 g4 56. a4 Kg2 57. a5 1/2-1/2

[Event "Turkish Club Cup 2019"]
[Site "Konya"]
[Date "2019.07.20"]
[Round "8"]
[White "Yalcin, Sudenaz"]
[Black "Kocyigit, Buse Naz"]
[Result "0-1"]
[WhiteElo "1371"]
[BlackElo "2045"]
[Annotator "NA"]
[PlyCount "62"]
[EventDate "2019.07.16"]
[EventType "team-tourn"]
[EventCountry "TUR"]
[SourceTitle "playchess.com"]
[Source "ChessBase"]
[SourceQuality "1"]

1. e4 c5 2. Nf3 d6 3. d4 cxd4 4. Nxd4 Nf6 5. f3 e5 6. Nb3 Be6 7. c4 Qc7 8. Qc2 Nbd7 9. Be3 Rc8 10. N1d2 Be7 11. Be2 O-O 12. O-O d5 13. Rac1 d4 14. Bf2 Nh5 15. g3 Ndf6 16. Rfd1 g5 17. Nf1 a5 18. Nbd2 Rfd8 19. b3 Qd7 20. Bd3 Kh8 21. g4 Nf4 22. Ng3 h5 23. gxh5 Rg8 24. Ndf1 g4 25. fxg4 Bxg4 26. Re1 Nh3+ 27. Kg2 Bf3+ 28. Kxf3 Qg4+ 29. Kg2 Nf4+ 30. Kg1 Qf3 31. Be3 Nh3# 0-1

[Event "Turkish Club Cup 2019"]
[Site "Konya"]
[Date "2019.07.20"]
[Round "8"]
[White "Cankurtaran, Merve"]
[Black "Yorgun, Yaren Naz"]
[Result "0-1"]
[WhiteElo "1335"]
[BlackElo "1819"]
[Annotator "NA"]
[PlyCount "142"]
[EventDate "2019.07.16"]
[EventType "team-tourn"]
[EventCountry "TUR"]
[SourceTitle "playchess.com"]
[Source "ChessBase"]
[SourceQuality "1"]

1. d4 d5 2. Nf3 Nf6 3. g3 Bf5 4. Bg2 e6 5. O-O Be7 6. c4 c6 7. Nbd2 Nbd7 8. b3 O-O 9. Bb2 Rc8 10. Qc1 Bg6 11. Bc3 c5 12. Qb2 Nb6 13. dxc5 Rxc5 14. Bb4 Rc8 15. Bxe7 Qxe7 16. Ne5 Bh5 17. e4 Rc7 18. Rfe1 Qd8 19. h3 Qb8 20. exd5 exd5 21. cxd5 Nbxd5 22. g4 Bg6 23. Nxg6 hxg6 24. g5 Nb4 25. gxf6 Nd3 26. Qd4 Rd8 27. Re8+ Rxe8 28. Qxd3 Qd8 29. Qxd8 Rxd8 30. Ne4 gxf6 31. Nxf6+ Kg7 32. Ne4 Rc2 33. Ng3 b6 34. a3 Rb2 35. b4 Rdd2 36. Nh1 Ra2 37. Rxa2 Rxa2 38. Bc6 Rxa3 39. b5 Rxh3 40. Bb7 Rb3 41. Ba6 Kf6 42. Ng3 Ke5 43. Kf1 f5 44. Ke2 g5 45. Nf1 g4 46. Nd2 Rb2 47. Kd3 Kf4 48. Ke2 g3 49. fxg3+ Kxg3 50. Ke1 f4 51. Ne4+ Kf3 52. Nd2+ Kg3 53. Ne4+ Kg2 54. Bb7 Rb1+ 55. Kd2 Kg1 56. Nc3 Rb2+ 57. Kd3 Kh2 58. Bc6 Kg3 59. Ne2+ Kg4 60. Bd7+ Kg5 61. Nd4 Kf6 62. Ke4 Rb4 63. Bc6 Kg5 64. Ke5 Kg4 65. Bf3+ Kg3 66. Ke4 Rxd4+ 67. Kxd4 Kxf3 68. Kd5 Ke3 69. Kc6 f3 70. Kb7 f2 71. Kxa7 f1=Q 0-1

[Event "Turkish Club Cup 2019"]
[Site "Konya"]
[Date "2019.07.20"]
[Round "8"]
[White "Haktanirlar, Zeren"]
[Black "Sural, Ceren"]
[Result "0-1"]
[WhiteElo "1294"]
[BlackElo "1622"]
[Annotator "NA"]
[PlyCount "128"]
[EventDate "2019.07.16"]
[EventType "team-tourn"]
[EventCountry "TUR"]
[SourceTitle "playchess.com"]
[Source "ChessBase"]
[SourceQuality "1"]

1. e4 d5 2. exd5 Qxd5 3. Nc3 Qd8 4. d4 Nf6 5. Nf3 Bg4 6. h3 Bxf3 7. Qxf3 c6 8. Be3 e6 9. Bd3 Nbd7 10. O-O Bd6 11. Rfe1 O-O 12. Ne4 Nxe4 13. Qxe4 g6 14. h4 Re8 15. Qg4 Be7 16. g3 Nf6 17. Qf3 Qd5 18. Qxd5 cxd5 19. c3 a6 20. Kg2 Rac8 21. Rac1 Rc6 22. Bf4 Rec8 23. Rc2 Nd7 24. Rec1 b5 25. a3 Nb6 26. Kf3 Nc4 27. Bxc4 bxc4 28. Re1 Bd6 29. Bxd6 Rxd6 30. Kf4 f6 31. g4 Rf8 32. Kg3 h5 33. f3 Kf7 34. Rb1 Rb6 35. Re1 Rfb8 36. Ree2 Re8 37. f4 hxg4 38. Kxg4 Rh8 39. Rh2 Rh5 40. Rce2 Rb8 41. Re3 Rbh8 42. Kg3 g5 43. fxg5 fxg5 44. Rf2+ Ke7 45. hxg5 Rxg5+ 46. Kf3 Rf5+ 47. Ke2 Rxf2+ 48. Kxf2 Rh2+ 49. Kf3 Rxb2 50. Re2 Rb3 51. Rc2 Rxa3 52. Ke3 a5 53. Kd2 a4 54. Rb2 Rb3 55. Ra2 a3 56. Kc2 Kd6 57. Kd2 e5 58. dxe5+ Kxe5 59. Kc2 Ke4 60. Ra1 Rb2+ 61. Kc1 Kd3 62. Rxa3 Rb3 63. Rxb3 cxb3 64. Kb2 Kc4 0-1

[Event "Turkish Club Cup 2019"]
[Site "Konya"]
[Date "2019.07.20"]
[Round "8"]
[White "Dogan, Eylem Su"]
[Black "Kucuk, Aybike"]
[Result "1-0"]
[WhiteElo "1285"]
[BlackElo "1266"]
[Annotator "NA"]
[PlyCount "121"]
[EventDate "2019.07.20"]
[EventType "team-tourn"]
[EventCountry "TUR"]
[SourceTitle "playchess.com"]
[Source "ChessBase"]
[SourceQuality "1"]

1. d4 d5 2. c4 e6 3. Nc3 Nf6 4. Bg5 Be7 5. e3 Nbd7 6. Nf3 O-O 7. Bd3 b6 8. O-O Bb7 9. Re1 h6 10. Bh4 dxc4 11. Bxc4 c5 12. dxc5 Nxc5 13. Qxd8 Rfxd8 14. Nd4 Rac8 15. Rac1 a6 16. Red1 b5 17. Bb3 Nxb3 18. Nxb3 g5 19. Bg3 Nd5 20. Nd4 Bf6 21. Nxd5 Bxd5 22. b3 Bb7 23. Bc7 Rd7 24. Bb6 Rxc1 25. Rxc1 Be5 26. g3 Bb8 27. Kf1 e5 28. Nc6 Bd6 29. Ke2 f6 30. f3 Ba3 31. Rc2 Rd6 32. Ne7+ Kf8 33. Nc8 Rd7 34. Bc5+ Bxc5 35. Rxc5 Rd8 36. Nb6 Ke8 37. Rc7 Rb8 38. e4 Bxe4 39. Nd7 Kd8 40. Nxb8 Kxc7 41. Nxa6+ Kb6 42. fxe4 Kxa6 43. b4 Kb6 44. Kf3 h5 45. Ke3 Kc6 46. h3 g4 47. hxg4 hxg4 48. Kd3 Kd6 49. Kc3 Ke6 50. a4 bxa4 51. b5 Kd6 52. Kb4 a3 53. Kxa3 Kc5 54. Ka4 Kb6 55. Kb4 Kb7 56. Kc5 Kc7 57. b6+ Kb7 58. Kb5 Kb8 59. Kc6 Kc8 60. b7+ Kb8 61. Kb6 1-0

[Event "Turkish Club Cup 2019"]
[Site "Konya"]
[Date "2019.07.21"]
[Round "9"]
[White "Ersahin, Bulent"]
[Black "Sari, Serdar"]
[Result "1-0"]
[WhiteElo "2179"]
[BlackElo "2023"]
[Annotator "NA"]
[PlyCount "83"]
[EventDate "2019.07.16"]
[EventType "team-tourn"]
[EventCountry "TUR"]
[SourceTitle "playchess.com"]
[Source "ChessBase"]
[SourceQuality "1"]

1. Nf3 f5 2. g3 b6 3. Bg2 Bb7 4. O-O Nf6 5. c4 e6 6. d3 Be7 7. Nc3 O-O 8. e4 fxe4 9. Ng5 Nc6 10. Ngxe4 Nxe4 11. Nxe4 Nd4 12. Be3 Nf5 13. Bd2 Rb8 14. Qa4 c5 15. Rae1 Nd4 16. f4 h6 17. Bc3 Bc6 18. Qd1 Nf5 19. Qg4 b5 20. b3 Qe8 21. Be5 Ra8 22. Rf2 a5 23. cxb5 Bxb5 24. Nc3 Bxd3 25. Qf3 c4 26. Qxa8 Qxa8 27. Bxa8 Rxa8 28. Na4 Bb4 29. Bc3 Bxc3 30. Nxc3 Kf7 31. bxc4 Bxc4 32. Rb2 Ra7 33. Rb6 Rc7 34. Rd1 d5 35. Rd2 Ke7 36. Kf2 h5 37. Rdb2 d4 38. Nb5 Rc5 39. Rb7+ Kf6 40. a4 d3 41. Nc3 Ba6 42. Ne4+ 1-0

[Event "Turkish Club Cup 2019"]
[Site "Konya"]
[Date "2019.07.21"]
[Round "9"]
[White "Gokcek, Kursat Bugra"]
[Black "Mollaoglu, Ergin"]
[Result "1/2-1/2"]
[WhiteElo "2150"]
[BlackElo "2309"]
[Annotator "NA"]
[PlyCount "62"]
[EventDate "2019.07.16"]
[EventType "team-tourn"]
[EventCountry "TUR"]
[SourceTitle "playchess.com"]
[Source "ChessBase"]
[SourceQuality "1"]

1. d4 d5 2. Bf4 e6 3. e3 Bd6 4. Bg3 Nf6 5. Nd2 Bxg3 6. hxg3 Nbd7 7. Ngf3 b6 8. Bb5 O-O 9. Bd3 h6 10. O-O Bb7 11. c3 c5 12. Qe2 Ne4 13. Ba6 Bxa6 14. Qxa6 Nxd2 15. Nxd2 Qc8 16. Qxc8 Raxc8 17. Rac1 cxd4 18. cxd4 Rfd8 19. Nb3 Kf8 20. Rxc8 Rxc8 21. Rc1 Rxc1+ 22. Nxc1 Ke7 23. Nd3 Kd6 24. Kf1 e5 25. dxe5+ Nxe5 26. Nxe5 Kxe5 27. Ke2 d4 28. Kd3 dxe3 29. Kxe3 f5 30. f3 g5 31. Kd3 Kd5 1/2-1/2

[Event "Turkish Club Cup 2019"]
[Site "Konya"]
[Date "2019.07.21"]
[Round "9"]
[White "Guven, Oguz Kagan"]
[Black "Guner, Bulent"]
[Result "1-0"]
[WhiteElo "2142"]
[BlackElo "1979"]
[Annotator "NA"]
[PlyCount "81"]
[EventDate "2019.07.16"]
[EventType "team-tourn"]
[EventCountry "TUR"]
[SourceTitle "playchess.com"]
[Source "ChessBase"]
[SourceQuality "1"]

1. e4 e5 2. Nf3 Nc6 3. Bb5 a6 4. Ba4 Nf6 5. O-O Be7 6. Re1 b5 7. Bb3 O-O 8. h3 Bb7 9. Nc3 Na5 10. d3 Nxb3 11. axb3 d6 12. Bg5 h6 13. Bd2 Re8 14. Ne2 Bf8 15. Ng3 d5 16. Bc3 d4 17. Bd2 c5 18. Nh2 Bd6 19. Nf5 Re6 20. Rf1 Rc8 21. f4 c4 22. Rc1 Bc5 23. fxe5 Rxe5 24. Qf3 Rxf5 25. Qxf5 c3 26. Bxh6 gxh6 27. bxc3 dxc3+ 28. Kh1 Be7 29. Ng4 Nxg4 30. Qxg4+ Bg5 31. h4 Rc5 32. hxg5 Rxg5 33. Qf4 f5 34. Rf3 Qe7 35. Rg3 fxe4 36. Re1 Rxg3 37. Qxg3+ Kh7 38. Qf4 b4 39. dxe4 Qg7 40. Rd1 Bc6 41. Qf5+ 1-0

[Event "Turkish Club Cup 2019"]
[Site "Konya"]
[Date "2019.07.21"]
[Round "9"]
[White "Gulden, Egemen"]
[Black "Ince, Eray"]
[Result "1-0"]
[WhiteElo "2135"]
[BlackElo "1459"]
[Annotator "NA"]
[PlyCount "103"]
[EventDate "2019.07.16"]
[EventType "team-tourn"]
[EventCountry "TUR"]
[SourceTitle "playchess.com"]
[Source "ChessBase"]
[SourceQuality "1"]

1. e4 g6 2. Nc3 Bg7 3. g3 d6 4. Bg2 Nc6 5. d3 e5 6. Be3 Nge7 7. Nh3 O-O 8. O-O f5 9. f4 h6 10. Qd2 Kh7 11. Nf2 Bd7 12. Rab1 Nd4 13. Ncd1 Bc6 14. c3 Ne6 15. Nh3 Qd7 16. Ndf2 Rad8 17. Rbd1 Qc8 18. Qc2 b6 19. b4 Qa8 20. a4 d5 21. b5 Bb7 22. fxe5 dxe4 23. d4 Nd5 24. Qc1 Nxe3 25. Qxe3 g5 26. g4 fxg4 27. Nxg4 c5 28. bxc6 Bxc6 29. Rxf8 Nxf8 30. d5 Rxd5 31. Qxe4+ Ng6 32. Rxd5 Bxd5 33. Qxd5 Qxd5 34. Bxd5 Nxe5 35. Nxe5 Bxe5 36. c4 a5 37. Be4+ Kg7 38. Kg2 Kf6 39. Nf2 Ke7 40. Nd3 Bd4 41. Kf3 Kf7 42. Kg4 Kf8 43. Kh5 Kg7 44. h3 Be3 45. Ne5 Bf4 46. Ng4 Kf7 47. Kxh6 Ke7 48. Bc6 Kd6 49. Bb5 Ke6 50. Kg6 Bd2 51. Nf6 Ke5 52. Nd7+ 1-0

[Event "Turkish Club Cup 2019"]
[Site "Konya"]
[Date "2019.07.21"]
[Round "9"]
[White "Ozdover, Mustafa Berkay"]
[Black "Kinsiz, Onur"]
[Result "0-1"]
[WhiteElo "2130"]
[BlackElo "2210"]
[Annotator "NA"]
[PlyCount "110"]
[EventDate "2019.07.16"]
[EventType "team-tourn"]
[EventCountry "TUR"]
[SourceTitle "playchess.com"]
[Source "ChessBase"]
[SourceQuality "1"]

1. d4 Nf6 2. Bg5 Ne4 3. Bf4 c5 4. f3 Qa5+ 5. c3 Nf6 6. d5 d6 7. e4 g6 8. Nd2 Bg7 9. g4 h5 10. g5 Nfd7 11. Nc4 Qc7 12. a4 O-O 13. Nh3 Nb6 14. Nf2 Nxc4 15. Bxc4 Nd7 16. Be3 Nb6 17. Be2 a5 18. c4 e6 19. Qc2 Re8 20. Ra3 Bd7 21. O-O e5 22. Kh1 Rf8 23. f4 exf4 24. Bxf4 Rae8 25. Bf3 Bc8 26. Re3 Nd7 27. Nd3 Ne5 28. Bg2 Nxd3 29. Rxd3 Be5 30. Rdf3 Bg4 31. R3f2 Bd4 32. Rd2 Be5 33. Rdf2 Qe7 34. Qc1 Bd4 35. Be3 Bxe3 36. Qxe3 Qe5 37. Rf6 Bf5 38. Qf4 Bxe4 39. Rxf7 Qxf4 40. R7xf4 Rxf4 41. Rxf4 Bf5 42. Bf3 Re1+ 43. Kg2 Rb1 44. Bxh5 Rxb2+ 45. Kg3 Rb3+ 46. Bf3 Rc3 47. h4 Bd3 48. Rf6 Rxc4 49. Rxd6 Bf5 50. Rf6 Rd4 51. Rb6 c4 52. Rxb7 c3 53. Rc7 c2 54. d6 Rxd6 55. Kf4 Rd1 0-1

[Event "Turkish Club Cup 2019"]
[Site "Konya"]
[Date "2019.07.21"]
[Round "9"]
[White "Cetinkaya, Vedat Ali"]
[Black "Dogan, Ali Ekber"]
[Result "0-1"]
[WhiteElo "2074"]
[BlackElo "2200"]
[Annotator "NA"]
[PlyCount "74"]
[EventDate "2019.07.16"]
[EventType "team-tourn"]
[EventCountry "TUR"]
[SourceTitle "playchess.com"]
[Source "ChessBase"]
[SourceQuality "1"]

1. d4 Nf6 2. c4 g6 3. Nf3 Bg7 4. g3 O-O 5. Bg2 d6 6. Nc3 Nbd7 7. O-O e5 8. e3 Re8 9. b3 a6 10. Bb2 c6 11. dxe5 dxe5 12. Qd2 e4 13. Nd4 Nc5 14. Rad1 Bg4 15. Nde2 Qc8 16. Ba3 Qf5 17. h3 Bxh3 18. Nd4 Qh5 19. Bxh3 Qxh3 20. Bxc5 Re5 21. Bd6 Ng4 22. f3 Nxe3 23. Bxe5 Bxe5 24. Qh2 Qxh2+ 25. Kxh2 Nxf1+ 26. Rxf1 exf3 27. Nxc6 bxc6 28. Rxf3 Rd8 29. Ne4 f5 30. Ng5 Rd2+ 31. Kh1 h6 32. Ne6 Kf7 33. Nc5 Rxa2 34. Rd3 a5 35. Rd7+ Kf6 36. Rh7 Bxg3 37. Rxh6 Ke5 0-1

[Event "Turkish Club Cup 2019"]
[Site "Konya"]
[Date "2019.07.21"]
[Round "9"]
[White "Kocyigit, Buse Naz"]
[Black "Yaman, Sila"]
[Result "1-0"]
[WhiteElo "2045"]
[BlackElo "1381"]
[Annotator "NA"]
[PlyCount "77"]
[EventDate "2019.07.16"]
[EventType "team-tourn"]
[EventCountry "TUR"]
[SourceTitle "playchess.com"]
[Source "ChessBase"]
[SourceQuality "1"]

1. d4 d5 2. Nf3 c6 3. c4 e6 4. Qc2 Nd7 5. Nbd2 Ngf6 6. g3 Be7 7. Bg2 O-O 8. O-O Qc7 9. e4 dxe4 10. Nxe4 Nxe4 11. Qxe4 Nf6 12. Qc2 Re8 13. Bd2 c5 14. dxc5 Bxc5 15. b4 Bd6 16. Rac1 Bd7 17. Rfe1 Bc6 18. a4 Rac8 19. c5 Bf8 20. Bf4 Qd8 21. Red1 Nd5 22. Qb3 Qf6 23. Be5 Qf5 24. Bb2 Qg6 25. Ne5 Qg5 26. b5 Nf4 27. bxc6 Ne2+ 28. Kf1 Nxc1 29. Rxc1 bxc6 30. Nxc6 Bxc5 31. f4 Qf5 32. Qc3 Bf8 33. Ne7+ Rxe7 34. Qxc8 Qd3+ 35. Kg1 Rd7 36. Qc3 Qxc3 37. Bxc3 Be7 38. Rb1 f6 39. Bb4 1-0

[Event "Turkish Club Cup 2019"]
[Site "Konya"]
[Date "2019.07.21"]
[Round "9"]
[White "Taskaya, Muhammed"]
[Black "Aysoy, Veysi"]
[Result "1/2-1/2"]
[WhiteElo "2011"]
[BlackElo "1881"]
[Annotator "NA"]
[PlyCount "66"]
[EventDate "2019.07.16"]
[EventType "team-tourn"]
[EventCountry "TUR"]
[SourceTitle "playchess.com"]
[Source "ChessBase"]
[SourceQuality "1"]

1. e4 d5 2. exd5 Nf6 3. d4 Nxd5 4. Nf3 g6 5. c4 Nb6 6. Bd2 Bg7 7. Bc3 O-O 8. Be2 Bg4 9. Nbd2 Bd7 10. b3 c5 11. O-O Nc6 12. Ne4 cxd4 13. Nxd4 Nxd4 14. Bxd4 Bc6 15. Bxg7 Kxg7 16. Bf3 Qxd1 17. Rfxd1 Rfd8 18. Ng5 Bxf3 19. Nxf3 f6 20. Kf1 Kf7 21. Ke2 e5 22. Ne1 Ke7 23. Nc2 Rxd1 24. Rxd1 Rd8 25. Rxd8 Kxd8 26. Kd3 Kd7 27. Ne3 Ke6 28. Nd1 Nc8 29. Nc3 Ne7 30. a3 a6 31. b4 f5 32. Na4 Kd6 33. Nc5 Kc6 1/2-1/2

[Event "Turkish Club Cup 2019"]
[Site "Konya"]
[Date "2019.07.21"]
[Round "9"]
[White "Caputcuoglu, Zeki Berke"]
[Black "Guder, Eyup Sabri"]
[Result "0-1"]
[WhiteElo "2010"]
[BlackElo "1909"]
[Annotator "NA"]
[PlyCount "114"]
[EventDate "2019.07.16"]
[EventType "team-tourn"]
[EventCountry "TUR"]
[SourceTitle "playchess.com"]
[Source "ChessBase"]
[SourceQuality "1"]

1. Nf3 c5 2. c4 Nf6 3. Nc3 Nc6 4. d4 cxd4 5. Nxd4 e6 6. g3 Bb4 7. Bg2 Qa5 8. Nxc6 bxc6 9. Bd2 d5 10. a3 Bxc3 11. Bxc3 Qc7 12. cxd5 exd5 13. O-O O-O 14. Bxf6 gxf6 15. Rc1 Qb6 16. Qd2 Ba6 17. Rfe1 Rfe8 18. e4 Rad8 19. Qh6 Qxb2 20. Rxc6 Bb7 21. Rxf6 dxe4 22. Rd6 Rc8 23. Qe3 Rc2 24. Red1 Qe5 25. Rd8 Rxd8 26. Rxd8+ Kg7 27. h4 Rc3 28. Qe2 Qe6 29. Rd4 Rxa3 30. Bxe4 f5 31. Bf3 Ra1+ 32. Rd1 Qxe2 33. Bxe2 Rxd1+ 34. Bxd1 Kf6 35. Kf1 Ke5 36. Ke2 Kd4 37. Kd2 a5 38. Ba4 Be4 39. Ke2 Kc4 40. Ke3 Kb4 41. Bd7 a4 42. Bxa4 Kxa4 43. f3 Bc2 44. g4 Kb5 45. Kf4 Kc6 46. Kg5 Kd7 47. Kf6 Ke8 48. Kg7 Ke7 49. g5 f4 50. h5 Bd3 51. Kg8 Bc2 52. Kg7 Bb1 53. Kg8 Ke6 54. Kg7 Kf5 55. g6 Kg5 56. gxh7 Bxh7 57. Kxh7 Kxh5 0-1

[Event "Turkish Club Cup 2019"]
[Site "Konya"]
[Date "2019.07.21"]
[Round "9"]
[White "Anil, Ali Fazil"]
[Black "Korkuc, Cagatay"]
[Result "1-0"]
[WhiteElo "1999"]
[BlackElo "1646"]
[Annotator "NA"]
[PlyCount "47"]
[EventDate "2019.07.16"]
[EventType "team-tourn"]
[EventCountry "TUR"]
[SourceTitle "playchess.com"]
[Source "ChessBase"]
[SourceQuality "1"]

1. d4 d5 2. Bf4 Nf6 3. e3 e6 4. Nd2 Nbd7 5. c3 Be7 6. Bd3 O-O 7. Ngf3 c5 8. Ne5 b6 9. Qf3 Bb7 10. g4 c4 11. Bc2 b5 12. g5 Ne8 13. Qh3 g6 14. Ndf3 Ng7 15. Rg1 b4 16. Rg4 bxc3 17. bxc3 Nxe5 18. Nxe5 Qa5 19. Kd2 Ba3 20. Rb1 Nf5 21. Nd7 f6 22. Nxf6+ Rxf6 23. gxf6 Ba6 24. f7+ 1-0

[Event "Turkish Club Cup 2019"]
[Site "Konya"]
[Date "2019.07.21"]
[Round "9"]
[White "Kul, Ozdemir Efe"]
[Black "Unlu, Ahmet Berkin"]
[Result "1-0"]
[WhiteElo "1974"]
[BlackElo "1806"]
[Annotator "NA"]
[PlyCount "103"]
[EventDate "2019.07.16"]
[EventType "team-tourn"]
[EventCountry "TUR"]
[SourceTitle "playchess.com"]
[Source "ChessBase"]
[SourceQuality "1"]

1. e4 e5 2. Nc3 Nc6 3. g3 a6 4. Bg2 Bc5 5. d3 Nge7 6. Nge2 O-O 7. O-O d6 8. h3 f5 9. Be3 Bxe3 10. fxe3 fxe4 11. Rxf8+ Qxf8 12. dxe4 Qf6 13. Qd3 Qh6 14. Kh2 Be6 15. Rf1 Rc8 16. Nd5 Qg6 17. Nec3 Qe8 18. b4 Na7 19. Nxe7+ Qxe7 20. Nd5 Qd7 21. c4 Rf8 22. a4 Nc8 23. a5 c6 24. Nc3 Rxf1 25. Bxf1 Qf7 26. Qe2 Qc7 27. Qd2 g6 28. Nd1 b6 29. c5 b5 30. Nf2 dxc5 31. bxc5 Ne7 32. Qc3 g5 33. Be2 Ng6 34. Bg4 Qd7 35. Bh5 Qf7 36. Kg2 Qf6 37. Bxg6 hxg6 38. Nd3 Bxh3+ 39. Kxh3 Qf3 40. Qe1 Qxe4 41. Nf2 Qf5+ 42. Ng4 e4 43. Qf2 Qd7 44. Qf6 Kh7 45. Qxg5 b4 46. Qh6+ Kg8 47. Qxg6+ Kf8 48. Qf6+ Kg8 49. Kh4 b3 50. Qg6+ Kh8 51. Nf6 Qg7 52. Qe8+ 1-0

[Event "Turkish Club Cup 2019"]
[Site "Konya"]
[Date "2019.07.21"]
[Round "9"]
[White "Cakiroglu, Metin"]
[Black "Ererdem, Gani Eren"]
[Result "1-0"]
[WhiteElo "1970"]
[BlackElo "2140"]
[Annotator "NA"]
[PlyCount "71"]
[EventDate "2019.07.16"]
[EventType "team-tourn"]
[EventCountry "TUR"]
[SourceTitle "playchess.com"]
[Source "ChessBase"]
[SourceQuality "1"]

1. c4 Nf6 2. Nc3 e5 3. g3 c6 4. Bg2 Bb4 5. a3 Ba5 6. b4 Bc7 7. Qb3 O-O 8. d3 h6 9. Bb2 d6 10. Nf3 Be6 11. O-O Nbd7 12. Nd2 d5 13. cxd5 cxd5 14. Nxd5 Nxd5 15. Bxd5 Nc5 16. bxc5 Bxd5 17. Qc2 f5 18. Nc4 Qe7 19. e4 Bc6 20. Ne3 f4 21. Nd5 Qd7 22. Nxc7 Qxc7 23. f3 Kh7 24. g4 Rad8 25. Rad1 Bb5 26. Rd2 Rfe8 27. Rc1 Qe7 28. d4 exd4 29. Rxd4 Qg5 30. Rcd1 Rxd4 31. Rxd4 Qh4 32. Qf2 Qh3 33. Rd5 g6 34. c6 Bxc6 35. Qd4 Rg8 36. Rd7+ 1-0

[Event "Turkish Club Cup 2019"]
[Site "Konya"]
[Date "2019.07.21"]
[Round "9"]
[White "Yasin, Hur"]
[Black "Gulsoy, Mustafa Alpago"]
[Result "0-1"]
[WhiteElo "1953"]
[BlackElo "2069"]
[Annotator "NA"]
[PlyCount "102"]
[EventDate "2019.07.16"]
[EventType "team-tourn"]
[EventCountry "TUR"]
[SourceTitle "playchess.com"]
[Source "ChessBase"]
[SourceQuality "1"]

1. d4 d6 2. Nf3 Nf6 3. Nc3 g6 4. e4 Bg7 5. h3 O-O 6. Be3 e5 7. dxe5 dxe5 8. Qxd8 Rxd8 9. Bc4 Ne8 10. Nd5 Be6 11. Ng5 Nd6 12. Nxe6 fxe6 13. Nxc7 Nxc4 14. Bg5 Nc6 15. Nxa8 Rxa8 16. b3 Nd6 17. f3 Nd4 18. O-O-O Rc8 19. Rd2 b5 20. Kb2 b4 21. Rc1 N6b5 22. Be3 a5 23. Rf2 Nc3 24. Re1 a4 25. bxa4 Nxa4+ 26. Kb1 Ra8 27. Bd2 Bf8 28. Rc1 Bc5 29. c4 b3 30. Be1 b2 31. Rd1 Rb8 32. Rd3 Bb4 33. Bd2 Bxd2 34. Rfxd2 Rb4 35. Ra3 Rxc4 36. Rxa4 Rxa4 37. Rxb2 Rc4 38. a3 Kg7 39. Rb7+ Kh6 40. Rb4 Rxb4+ 41. axb4 Kg5 42. g3 h5 43. h4+ Kf6 44. f4 exf4 45. gxf4 e5 46. fxe5+ Kxe5 47. Kb2 Kxe4 48. Kc3 Kd5 49. Kd3 Nf5 50. b5 Nxh4 51. Ke3 g5 0-1

[Event "Turkish Club Cup 2019"]
[Site "Konya"]
[Date "2019.07.21"]
[Round "9"]
[White "Aydin, Gulenay"]
[Black "Yorgun, Yaren Naz"]
[Result "1/2-1/2"]
[WhiteElo "1934"]
[BlackElo "1819"]
[Annotator "NA"]
[PlyCount "60"]
[EventDate "2019.07.16"]
[EventType "team-tourn"]
[EventCountry "TUR"]
[SourceTitle "playchess.com"]
[Source "ChessBase"]
[SourceQuality "1"]

1. e4 c6 2. Ne2 d5 3. e5 c5 4. c3 Nc6 5. d4 e6 6. Be3 Nge7 7. Ng3 Qb6 8. Qd2 Ng6 9. Be2 cxd4 10. cxd4 Bb4 11. Nc3 Ngxe5 12. dxe5 d4 13. Bxd4 Qxd4 14. Qxd4 Nxd4 15. O-O-O Bxc3 16. bxc3 Nxe2+ 17. Nxe2 Bd7 18. Nd4 Rc8 19. Kb2 Ke7 20. Rd2 Rc7 21. Rc1 Rhc8 22. g3 Bc6 23. Nxc6+ Rxc6 24. Rd3 Rd8 25. Rcd1 Rxd3 26. Rxd3 Rb6+ 27. Kc2 Ra6 28. Kb3 Rb6+ 29. Kc2 Ra6 30. Kb3 Rb6+ 1/2-1/2